000
00306nam a22001337a 4500
008
181126b xxu||||| |||| 00| 0 eng d
020
_a
9781585913725
041
_a
eng
080
_a
510
100
_a
37
101
_a
MAT
245
_a
Math Connections Advanced Algebra
_c
Wood.e..e
942
_2
udc
_c
BK
999
_c
52490
_d
52490